000 00440nam a2200181Ia 4500
001 13998
005 20260306164842.0
008 260306t2001||||xx |||||||||||||| ||spa||
041 _aESP
082 _a005.7585
_bO B84
100 _aBrown, Bradley D.
_eAUT
245 0 _aOracle8i:
_bdesarrollo de soluciones web
260 _c2001
300 _a1045 páginas :
_c23 cm.
650 _aGEN
654 _aCCC
942 _cLIB
_dJUS
_fJUS
_2ddc
_n
999 _c13998
_d13998